[Event "CZE Juniorcentrum op-A"]
[Site "Sec u Chrudimi"]
[Date "2005.10.27"]
[Round "7"]
[White "Hadraba, Vladimir"]
[Black "Oulovsky, Pavel"]
[Result "1/2-1/2"]
[WhiteElo "2157"]
[BlackElo "2165"]
[PlyCount "66"]
[EventDate "2005.10.22"]
[EventType "swiss"]
[EventRounds "9"]
[EventCountry "CZE"]
[SourceTitle "EXT 2008"]
[Source "ChessBase"]
[SourceDate "2007.11.25"]
[SourceVersion "1"]
[SourceVersionDate "2007.11.25"]
[SourceQuality "1"]

1. e4 c5 2. Nf3 d6 3. d4 cxd4 4. Nxd4 Nf6 5. Nc3 a6 6. Be2 e6 7. 0-0 Be7 8. f4 0-0 9. Be3 Nc6 10. a4 Re8 11. Kh1 Qc7 12. Qe1 Nxd4 13. Bxd4 e5 14. fxe5 dxe5 15. Qg3 Bd8 16. Be3 Kh8 17. Rf2 Be6 18. Raf1 Be7 19. Bg5 Rad8 20. Qh4 Ng8 21. Bh5 Bxg5 22. Qxg5 f6 23. Qh4 Re7 24. Bg4 Bxg4 25. Qxg4 Red7 26. Nd5 Qc6 27. c4 Ne7 28. b3 b5 29. axb5 axb5 30. Qe2 bxc4 31. Qxc4 Qxc4 32. bxc4 Nxd5 33. cxd5 Kg8 1/2-1/2

[Event "Prague Visus op"]
[Site "Prague"]
[Date "2005.07.04"]
[Round "3"]
[White "Oulovsky, Pavel"]
[Black "Stojkovic, Andreja"]
[Result "1/2-1/2"]
[WhiteElo "2158"]
[BlackElo "1999"]
[PlyCount "63"]
[EventDate "2005.07.02"]
[EventType "swiss"]
[EventRounds "9"]
[EventCountry "CZE"]
[SourceTitle "CBM 107 Extra"]
[Source "ChessBase"]
[SourceDate "2005.09.01"]
[SourceVersion "1"]
[SourceVersionDate "2005.09.01"]
[SourceQuality "1"]

1. e4 c5 2. Nf3 Nf6 3. e5 Nd5 4. Nc3 e6 5. Nxd5 exd5 6. d4 d6 7. exd6 Bxd6 8. dxc5 Bxc5 9. Bb5+ Nc6 10. Qe2+ Be6 11. 0-0 0-0 12. Bg5 Qb6 13. c3 Bg4 14. Ba4 h6 15. Bh4 Bh5 16. Rae1 a5 17. Qd3 Bxf3 18. Qxf3 d4 19. Qh5 Nd8 20. Bb3 a4 21. Bc4 Rc8 22. Qf5 Ra8 23. Re2 Ra5 24. Rfe1 Be7 25. Qe4 Bxh4 26. Qxh4 dxc3 27. bxc3 Rg5 28. Qe4 Qc7 29. Qe7 Qxc4 30. Qxf8+ Kh7 31. Qxd8 Rxg2+ 32. Kxg2 1/2-1/2

[Event "Ricany op"]
[Site "Ricany"]
[Date "2004.??.??"]
[Round "?"]
[White "Hasek, Vaclav"]
[Black "Oulovsky, Pavel"]
[Result "1/2-1/2"]
[WhiteElo "2065"]
[BlackElo "1965"]
[PlyCount "48"]
[EventDate "2004.??.??"]
[EventType "swiss"]
[EventRounds "9"]
[EventCountry "CZE"]
[SourceTitle "EXT 2007"]
[Source "ChessBase"]
[SourceDate "2006.11.23"]
[SourceVersion "1"]
[SourceVersionDate "2006.11.23"]
[SourceQuality "1"]

1. Nf3 Nc6 2. d4 d5 3. e3 Bg4 4. c4 e5 5. dxe5 dxc4 6. Qa4 Bxf3 7. gxf3 Qd5 8. Be2 0-0-0 9. Qxc4 Qxe5 10. a3 Nh6 11. Nc3 Qf5 12. e4 Qd7 13. Be3 Ne5 14. Qb5 Qxb5 15. Nxb5 a6 16. Nc3 c6 17. Rc1 Nd3+ 18. Bxd3 Rxd3 19. Ke2 Rd8 20. Nd5 Bd6 21. Bg5 Rde8 22. Nb6+ Kb8 23. Nc4 Bc7 24. Ne3 Ng8 1/2-1/2